LEADER 03693nam 22005412 450 001 996210324803316 005 20151109030845.0 010 $a1-139-81618-7 010 $a1-139-00223-6 035 $a(CKB)2670000000147319 035 $a(MH)009044695-X 035 $a(SSID)ssj0000588146 035 $a(PQKBManifestationID)11348412 035 $a(PQKBTitleCode)TC0000588146 035 $a(PQKBWorkID)10663622 035 $a(PQKB)10467822 035 $a(UkCbUP)CR9781139002233 035 $a(PPN)233325492 035 $a(EXLCZ)992670000000147319 100 $a20110114d2002|||| uy| 0 101 0 $aeng 135 $aur||||||||||| 181 $ctxt$2rdacontent 182 $cc$2rdamedia 183 $acr$2rdacarrier 200 04$aThe Cambridge companion to jazz /$fedited by Mervyn Cooke and David Horn$b[electronic resource] 210 1$aCambridge :$cCambridge University Press,$d2002. 215 $a1 online resource (xxii, 403 pages) $cdigital, PDF file(s) 225 1 $aCambridge companions to music 300 $aTitle from publisher's bibliographic system (viewed on 09 Nov 2015). 311 $a0-521-66388-1 311 $a0-521-66320-2 320 $aIncludes bibliographical references (p. 357-376) and index. 327 $gpt. 1$tA brief chronology of jazz --$tThe word 'jazz' /$rKrin Gabbard --$tJazz times.$tThe identity of jazz /$rDavid Horn --$tThe jazz diaspora /$rBruce Johnson --$tThe jazz audience /$rJed Resula --$tJazz and dance /$rRobert P. Crease. pt. 2$tJazz practices.$gJazz as musical practice /$rTravis A. Jackson --$tJazz as cultural practice /$rBruce Johnson --$tJazz improvisation /$rIngrid Monson --$tSpontaneity and organisation /$rPeter J. Martin --$tJazz among the classics, and the case of Duke Ellington /$rMervyn Cooke. -- pt. 3.$tJazz changes.$g1959, the beginning of beyond /$rDarius Brubeck --$tFree jazz and the avant-garde /$rJeff Pressing --$tFusions and crossovers /$rStuart Nicholson. -- pt. 4.$tJazz soundings.$gLearning jazz, teaching jazz /$rDavid Ake --$tHistory, myth, and legend: the problem of early jazz /$rDavid Sagar --$tAnalysing jazz /$rThomas Owens. -- pt. 5.$tJazz takes.$gValuing jazz /$rRobert Walser --$tThe jazz market /$rDave Laing --$tImages of jazz /$rKrin Gabbard. 330 $aThe vibrant world of jazz may be viewed from many perspectives, from social and cultural history to music analysis, from economics to ethnography. It is challenging and exciting territory. This volume of nineteen specially commissioned essays provides informed and accessible guidance to the challenge, offering the reader a range of expert views on the character, history and uses of jazz. The book starts by considering what kind of identity jazz has acquired and how, and goes on to discuss the crucial practices that define jazz and to examine some specific moments of historical change and some important issues for jazz study. Finally, it looks at a set of perspectives that illustrate different 'takes' on jazz - ways in which jazz has been valued and represented. 410 0$aCambridge companions to music. 606 $aJazz$xHistory and criticism 615 0$aJazz$xHistory and criticism. 676 $a781.65 702 $aCooke$b Mervyn 702 $aHorn$b David$f1942- 801 0$bUkCbUP 801 1$bUkCbUP 906 $aBOOK 912 $a996210324803316 996 $aThe Cambridge companion to jazz$92580917 997 $aUNISA 999 $aThis Record contains information from the Harvard Library Bibliographic Dataset, which is provided by the Harvard Library under its Bibliographic Dataset Use Terms and includes data made available by, among others the Library of Congress LEADER 03236nam 2200685 450 001 9910827765403321 005 20180731044628.0 010 $a1-4704-0554-7 035 $a(CKB)3360000000465124 035 $a(EBL)3114072 035 $a(SSID)ssj0000889214 035 $a(PQKBManifestationID)11502926 035 $a(PQKBTitleCode)TC0000889214 035 $a(PQKBWorkID)10876274 035 $a(PQKB)11122246 035 $a(MiAaPQ)EBC3114072 035 $a(RPAM)15646571 035 $a(PPN)195418298 035 $a(EXLCZ)993360000000465124 100 $a20150416h20092009 uy 0 101 0 $aeng 135 $aur|n|---||||| 181 $ctxt 182 $cc 183 $acr 200 10$aSmall divisor problem in the theory of three-dimensional water gravity waves /$fGe?rard Iooss, Pavel I. Plotnikov 210 1$aProvidence, Rhode Island :$cAmerican Mathematical Society,$d2009. 210 4$dİ2009 215 $a1 online resource (144 p.) 225 1 $aMemoirs of the American Mathematical Society,$x0065-9266 ;$vVolume 200, Number 940 300 $a"Volume 200, Number 940 (fifth of 6 numbers )." 311 $a0-8218-4382-6 320 $aIncludes bibliographical references. 327 $a""3.3. Main orders of the diffeomorphism and coefficient v""""Chapter 4. Small Divisors. Estimate of L a??? Resolvent""; ""4.1. Proof of Theorem 4.10""; ""Chapter 5. Descent Method-Inversion of the Linearized Operator""; ""5.1. Descent method""; ""5.2. Proof of Theorem 5.1""; ""5.3. Verification of assumptions of Theorem 5.1""; ""5.4. Inversion of L""; ""Chapter 6. Nonlinear Problem. Proof of Theorem 1.3""; ""Appendix A. Analytical study of G[sub(n)]""; ""A.1. Computation of the differential of G[sub(n)]""; ""A.2. Second order Taylor expansion of G[sub(n)] in n = 0"" 327 $a""Appendix B. Formal computation of 3-dimensional waves""""B.1. Formal Fredholm alternative""; ""B.2. Bifurcation equation""; ""Appendix C. Proof of Lemma 3.6""; ""Appendix D. Proofs of Lemmas 3.7 and 3.8""; ""Appendix E. Distribution of Numbers {I??[sub(0)]n[sup(2)]}""; ""Appendix F. Pseudodifferential Operators""; ""Appendix G. Dirichlet-Neumann Operator""; ""Appendix H. Proof of Lemma 5.8""; ""Appendix I. Fluid particles dynamics""; ""Bibliography"" 410 0$aMemoirs of the American Mathematical Society ;$vVolume 200, Number 940. 606 $aWater waves 606 $aGravity waves 606 $aMultiphase flow$xMathematical models 606 $aPseudodifferential operators 606 $aBoundary value problems 606 $aBifurcation theory 606 $aSmall divisors 615 0$aWater waves. 615 0$aGravity waves. 615 0$aMultiphase flow$xMathematical models. 615 0$aPseudodifferential operators. 615 0$aBoundary value problems. 615 0$aBifurcation theory. 615 0$aSmall divisors. 676 $a532.593 700 $aIooss$b Ge?rard$021040 702 $aPlotnikov$b Pavel I. 801 0$bMiAaPQ 801 1$bMiAaPQ 801 2$bMiAaPQ 906 $aBOOK 912 $a9910827765403321 996 $aSmall divisor problem in the theory of three-dimensional water gravity waves$94112194 997 $aUNINA